Palestina : (Record no. 16318)

MARC details
000 -LEADER
campo de control de longitud fija 01174nam a2200325 i 4500
001 - NÚMERO DE CONTROL
campo de control 16318
003 - IDENTIFICADOR DE NÚMERO DE CONTROL
campo de control ES-MaACL
005 - FECHA Y HORA DE LA ÚLTIMA TRANSACCIÓN
campo de control 20250818063034.0
007 - CAMPO FIJO DE DESCRIPCIÓN FÍSICA--INFORMACIÓN GENERAL
campo de control de longitud fija t|
008 - DATOS DE LONGITUD FIJA--INFORMACIÓN GENERAL
campo de control de longitud fija 000828s1996 sp ||||1| spa d
017 ## - NÚMERO DE COPYRIGHT O DE DEPÓSITO LEGAL
Número de copyright o de depósito legal NA 1967-1996
Agencia que asigna Oficina Depósito Legal Navarra
020 ## - NÚMERO INTERNACIONAL ESTÁNDAR DEL LIBRO
Número Internacional Estándar del Libro 8487524885
040 ## - FUENTE DE CATALOGACIÓN
Centro/agencia transcriptor ES-MaACL
080 ## - NÚMERO DE LA CLASIFICACIÓN DECIMAL UNIVERSAL
Número de la Clasificación Decimal Universal 327.5(569.4)
080 ## - NÚMERO DE LA CLASIFICACIÓN DECIMAL UNIVERSAL
Número de la Clasificación Decimal Universal 316.77(73):32
100 1# - ENTRADA PRINCIPAL--NOMBRE DE PERSONA
Nombre de persona Macías, Joseba
9 (RLIN) 75212
Término indicativo de función/relación Autor
245 10 - MENCIÓN DEL TÍTULO
Título Palestina :
Resto del título símbolos, claves y desafíos /
Mención de responsabilidad, etc. Joseba Macías. El control del pensamiento en los EEUU : el caso de Oriente Medio / Noam Chomsky.
260 ## - PUBLICACIÓN, DISTRIBUCIÓN, ETC.
Lugar de publicación, distribución, etc. Hondarribia :
Nombre del editor, distribuidor, etc. Hiru,
Fecha de publicación, distribución, etc. [1996].
300 ## - DESCRIPCIÓN FÍSICA
Extensión 85 páginas ;
Dimensiones 15 cm.
490 1# - MENCIÓN DE SERIE
Mención de serie Sediciones ;
Designación de volumen o secuencia 3
650 14 - PUNTO DE ACCESO ADICIONAL DE MATERIA--TÉRMINO DE MATERIA
Término de materia o nombre geográfico como elemento de entrada Conflicto árabe-israelí
9 (RLIN) 11266
650 14 - PUNTO DE ACCESO ADICIONAL DE MATERIA--TÉRMINO DE MATERIA
Término de materia o nombre geográfico como elemento de entrada Medios de comunicación social-
Subdivisión general Aspectos políticos-
Subdivisión geográfica Estados Unidos
9 (RLIN) 14966
700 1# - ENTRADA AGREGADA--NOMBRE PERSONAL
Nombre de persona Chomsky, Noam,
Fechas asociadas al nombre 1928-
9 (RLIN) 38607
Término indicativo de función/relación Autor
740 3# - ENTRADA AGREGADA--TÍTULO RELACIONADO/ANALÍTICO NO CONTROLADO
Título relacionado o analítico no controlado El control del pensamiento en los EEUU.
852 ## - LOCALIZACIÓN
Ubicación ES-MaACL
Número de control de estantería L-23547
Sublocalización o colección R.128764
itemnumber 16687
Ubicación en estantería Depósito 2
Encuadernación Encuadernación rústica
942 ## - ELEMENTOS DE ENTRADA SECUNDARIOS (KOHA)
Tipo de ítem Koha Libro impreso
Suprimir en OPAC No
Holdings
Estatus retirado Estado de pérdida Estado de daño No para préstamo Biblioteca de origen Biblioteca actual Ubicación en estantería Fecha de adquisición Fuente de adquisición Total de préstamos Signatura topográfica completa Código de barras Visto por última vez Precio de reemplazo Tipo de ítem Koha
        Biblioteca del Ateneo de Madrid Biblioteca del Ateneo de Madrid Depósito 2 17/01/2008     L-23547 1016580 23/02/2023 23/02/2023 Libro impreso